Guess the Artist from the Lyrics - Statistics

General Stats
  • This quiz has been taken 33 times
  • The average score is 7 of 15
Answer Stats
Question Answer % Correct
'Do you believe in life after love? I can feel something inside me say "I really don't think you're strong enough. No." Do you believe in life after love? I can feel something inside me say "I really don't think you're strong enough. No."' This song is 'Believe'. Who is the artist/band? Cher
90%
'Not really sure how to feel about it Something in the way you move Makes me feel like I can't live without you It takes me all the way I want you to stay' This song is 'Stay'. Who is the artist/band? Rihanna
62%
'Girl, you're my angel, you're my darling angel Closer than my peeps you are to me, baby Shorty, you're my angel, you're my darling angel Girl, you're my friend when I'm in need, lady' This song is 'Angel'. Who is the artist/band? Shaggy
55%
'Well, it's too late tonight To drag the past out into the light We're one, but we're not the same We get to carry each other, carry each other One' This song is 'One'. Who is the artist/band? U2
55%
'Baby, you're all that I want When you're lyin' here in my arms I'm findin' it hard to believe We're in Heaven And love is all that I need And I found it there in your heart Isn't too hard to see We're in Heaven' This song is 'Heaven'. Who is the artist/band? Bryan Adams
52%
'I'm free When I'm with you, I'm When I'm with you, I'm free I'm free When I'm with you, I'm When I'm with you, I'm free (I-I-I)' This song is 'Free'. Who is the artist/band? Calvin Harris/Ellie Goulding
41%
'It's like I've waited my whole life (Oh) for this one night (Oh) It's gon' be me, you and the dance floor 'Cause we only got one night (Oh, oh) Double your pleasure, double your fun And dance fore-e-ever, fore-e-ever Fore-e-ever, forever Fore-e-ever, fore-e-ever, fore-e-ever Forever on the dance floor' This song is 'Forever'. Who is the artist/band? Chris Brown
41%
'Tell me, how's it feel sittin' up there? Feeling so high, but too far away to hold me You know I'm the one who put you up there Name in the sky, does it ever get lonely? Thinking you could live without me Thinking you could live without me Baby, I'm the one who put you up there I don't know why (yeah, I don't know why) Thinking you could live without me Live without me Baby, I'm the one who put you up there I don't know why (I don't know why, yeah, yeah)' Halsey
41%
'When, when the fire's at my feet again And the vultures all start circling, they're whispering "You're out of time", but still, I rise This is no mistake, no accident When you think the final nail is in Think again Don't be surprised, I will still rise' This song is 'Rise'. Who is the artist/band? Katy Perry
41%
'Oh, you say someday, when we're older We'll be shinin' like we're gold Yeah, won't we? (Won't we?) Won't we? (Won't we?) Yeah, someday, when we're older I'll be yours and you'll be mine Babe, happy (Happy), happy Oh, you say someday, when we're older We won't worry 'bout the things That we don't need (We don't need), we don't need (Oh) Yeah, one day, down the line Before we both run out of time, you're gonna see That someday, we'll be all that we need' This song is 'Someday'. Who is the artist/band? OneRepublic
41%
'I go crazy, crazy baby, I go crazy You turn it on Then you're gone Yeah, you drive me crazy Crazy, crazy for you baby' This song is 'Crazy'. Who is the artist/band? Aerosmith
38%
'That's when I'm gonna stand up Take my people with me Together we are going to a brand new home Far across the river Can you hear freedom calling? Calling me to answer Gonna keep on keepin' on I can feel it in my bones' This song is 'Stand Up'. Who is the artist/band? Cynthia Erivo
34%
'Just stop pressurin' me Just stop pressurin' me Just stop pressurin' me Make me wanna scream (Hee, hee) Just stop pressurin' me Just stop pressurin' me (You just stop it, baby) Just stop pressurin' me Make me wanna scream (You just, you just)' This song is 'Scream.' Who is the artist/band? Michael Jackson
31%
'Save me, save me, save me I can't face this life alone Save me, save me, save me I'm naked and I'm far from home' This song is 'Save Me'. Who is the artist/band? Queen
28%
'I've been sittin' here Can't get you off my mind (Can't get you off my mind) I've tried my best to be a man and be strong I drove myself insane Wishin' I could touch your face (Touch your face) But the truth remains, you're' This song is 'Gone'. Who is the artist/band? 'NSYNC
17%
No matching quizzes found
Score Distribution
Percent of People with Each Score
Percentile by Number Answered
Your Score History
You have not taken this quiz